ბათუმის შოთა რუსთაველის სახელმწიფო უნივერსიტეტის ბიბლიოთეკა

Режим работи магистрального газопровода. (ბიბ.ჩანაწერი № 38212)

000 -LEADER
fixed length control field 00619nam a2200205Ia 4500
001 - CONTROL NUMBER
control field 4202
003 - CONTROL NUMBER IDENTIFIER
control field GE_BSU
008 - FIXED-LENGTH DATA ELEMENTS--GENERAL INFORMATION
fixed length control field 181216s||||||||xx |||||||||||||| ||und||
040 ## - CATALOGING SOURCE
Transcribing agency GE_BSU
080 ## - UNIVERSAL DECIMAL CLASSIFICATION NUMBER
Universal Decimal Classification number 621.54
100 ## - MAIN ENTRY--PERSONAL NAME
Personal name Вольский,Э.Л. Константинова,И.М.
245 ## - TITLE STATEMENT
Title Режим работи магистрального газопровода.
245 ## - TITLE STATEMENT
Statement of responsibility, etc. Ред. А.Н.Павлов.
260 ## - PUBLICATION, DISTRIBUTION, ETC.
Place of publication, distribution, etc. М.
260 ## - PUBLICATION, DISTRIBUTION, ETC.
Name of publisher, distributor, etc. Недра.
260 ## - PUBLICATION, DISTRIBUTION, ETC.
Date of publication, distribution, etc. 1970.
300 ## - PHYSICAL DESCRIPTION
Extent 168стр.22 см.
653 ## - INDEX TERM--UNCONTROLLED
Uncontrolled term Режим работи магистрального газопровода.
942 ## - ADDED ENTRY ELEMENTS (KOHA)
Koha item type წიგნი
ეგზემპლარები
Withdrawn status Lost status Damaged status Not for loan Date acquired Barcode Date last seen Price effective from Koha item type Public note
        2018-12-17 9425 2018-12-17 2018-12-17 წიგნი საცავი